Loading...
| History - World | 0 | 7 | 0 | 2 | 70 | 69 | 98.00 | 3 | 6 | 0.00 | 0.00 |
| History - Other | 0 | 7 | 0 | 1 | 70 | 66 | 97.57 | 3 | 7 | 0.00 | 0.00 |
| Mythology | 0 | 6 | 0 | 2 | 60 | 57 | 102.83 | 2 | 4 | 0.00 | 0.00 |
| Other | 0 | 5 | 0 | 2 | 50 | 106 | 125.20 | 0 | 1 | 0.00 | 0.00 |
| Social Science | 0 | 4 | 0 | 2 | 40 | 77 | 109.75 | 1 | 4 | 0.00 | 0.00 |
| History - European | 0 | 4 | 1 | 1 | 35 | 94 | 112.25 | 0 | 3 | 0.00 | 0.00 |
| History - American | 0 | 4 | 2 | 1 | 30 | 43 | 81.00 | 2 | 3 | 0.00 | 0.00 |
| Science - Other | 0 | 3 | 1 | 2 | 25 | 72 | 110.33 | 1 | 2 | 0.00 | 0.00 |
| Science - Physics | 0 | 3 | 1 | 0 | 25 | 80 | 96.00 | 1 | 3 | 0.00 | 0.00 |
| Science - Biology | 0 | 3 | 1 | 0 | 25 | 100 | 102.67 | 0 | 2 | 0.00 | 0.00 |
| Fine Arts - Classical Music | 0 | 2 | 0 | 0 | 20 | 116 | 117.50 | 0 | 2 | 0.00 | 0.00 |
| Fine Arts - Painting & Sculpture | 0 | 2 | 0 | 1 | 20 | 105 | 129.00 | 0 | 1 | 0.00 | 0.00 |
| Literature - British | 0 | 2 | 0 | 0 | 20 | 52 | 87.50 | 0 | 1 | 0.00 | 0.00 |
| Philosophy | 0 | 2 | 0 | 0 | 20 | 99 | 116.50 | 0 | 1 | 0.00 | 0.00 |
| Religion | 0 | 2 | 1 | 0 | 15 | 129 | 133.00 | 0 | 0 | 0.00 | 0.00 |
| Science - Chemistry | 0 | 2 | 1 | 1 | 15 | 92 | 106.00 | 0 | 2 | 0.00 | 0.00 |
| Literature - American | 0 | 1 | 0 | 0 | 10 | 109 | 109.00 | 0 | 0 | 0.00 | 0.00 |
| Literature - World | 0 | 0 | 2 | 0 | -10 | 0.00 | 0 | 0 | 0.00 | 0.00 | |
| Literature - European | 0 | 0 | 2 | 0 | -10 | 0.00 | 0 | 0 | 0.00 | 0.00 | |
| Fine Arts - Other | 0 | 0 | 2 | 0 | -10 | 0.00 | 0 | 0 | 0.00 | 0.00 |